|
|
|
|
| LEADER |
00000nab a2200000 a 4500 |
| 001 |
vtls008984583 |
| 003 |
SK-MaSNL |
| 005 |
20260304133720.0 |
| 008 |
250505 1976 xo 000 0 slo |
| 015 |
|
|
|a SNBRB1977
|
| 035 |
|
|
|a (uuid)310e3c51-c7ad-4438-810c-c14e4a320e57
|
| 035 |
|
|
|a urn:nbn:sk:snk-ab2lg6
|
| 035 |
|
|
|a (urnnbn)urn:nbn:sk:snk:ar-a02lvs
|
| 040 |
|
|
|a SNKBUCL
|b slo
|c SNKBUCL
|e AACR2
|
| 041 |
0 |
|
|a slo
|
| 044 |
|
|
|a xo
|c SK
|
| 080 |
|
|
|a 338.432
|2 2001
|
| 080 |
|
|
|a 330.123.6
|2 2001
|
| 100 |
1 |
|
|a Hutník, Felix,
|d 1928-2010
|4 aut
|9 39497
|
| 245 |
1 |
0 |
|a Služby v procese koncentrácie a špecilaizácie poľnohospodárskej výroby
|c Félix Hutník
|
| 650 |
0 |
7 |
|a poľnohospodárska výroba
|2 snkbucl
|9 973
|
| 650 |
0 |
7 |
|a služby
|2 snkbucl
|9 2356
|
| 773 |
0 |
|
|t Ekonomika poľnohospodárstva
|g Roč. 15, č. 12 (1976), s. 537-538
|
| 850 |
|
|
|a Slovenská národná knižnica
|
| 852 |
|
|
|a Slovenská národná knižnica
|
| 954 |
|
|
|a odborná, vedecká literatúra pôvodná (slovenská)
|2 lita
|
| 958 |
|
|
|a article27
|
| 958 |
|
|
|a OND
|
| 958 |
|
|
|a EUIPO
|
| 999 |
|
|
|c 2903333
|d 2905263
|